000 00891nam a2200301Ia 4500
001 Para_8760
003 CHAP
008 220125s1995 xx 000 0 und d
010 _a206645
040 _cCHAP
082 _aPA 581.1 L6
100 _aLópez Torres, Marcos
_968374
245 _aResistencia de las plantas /
_c por Marcos López Torres
260 _aMéxico, D.F. :
_b Trillas
300 _a103 p.
650 _aFisiología vegetal
_941136
650 _aPlantas
_x resistencia a enfermedades
_988882
650 _aPlantas
_x resistencia a la salinidad
_988884
650 _aPlantas
_x resistencia a la sequía
_9172966
650 _aPlantas
_x resistencia al frio
_988887
901 _aPA 581.1 L6
902 _aA
905 _a0000001995 a 0000000000 00
910 _a1995
942 _cPARA
942 _cPARA
_d1
999 _c206645
_d206645